[Event "SV Horst-Emscher 2 - SK Germania Kupfer"]
[Site "Verbandsklasse, Gruppe 2 2017"]
[Date "2018.03.18"]
[Round "8.2"]
[White "Rebentisch, Tom"]
[Black "Krimphoff, Ingo"]
[Result "1/2-1/2"]
[WhiteElo "1957"]
[BlackElo "1929"]
[Annotator "Daniel"]
[PlyCount "122"]
[EventDate "2018.??.??"]

1. e4 c6 2. d4 d5 3. Nc3 dxe4 4. Nxe4 Bf5 5. Ng3 Bg6 6. Nf3 Nd7 7. Bc4 e6 8.
O-O Ngf6 9. Re1 Qc7 10. a3 Bd6 11. Ba2 O-O 12. c4 Rad8 13. Qe2 Rfe8 14. Ne5
Nxe5 15. dxe5 Bxe5 16. Bg5 Bd4 17. Rad1 Qa5 18. h4 h6 19. Be3 Bxe3 20. Qxe3 Qb6
21. Qe2 Rxd1 22. Rxd1 Rd8 23. b4 Rd4 24. h5 Be4 25. Bb3 Qd8 26. f3 Rxd1+ 27.
Qxd1 Bd3 28. Ne2 Qd7 29. g4 Bxe2 30. Qxe2 Qd4+ 31. Kg2 Nd7 32. Qd1 Qxd1 33.
Bxd1 c5 34. Kf2 Kf8 35. Ke3 Ke7 36. f4 Kd6 37. Ke4 b6 38. Be2 Nb8 39. b5 Nd7
40. Bd1 e5 41. fxe5+ Nxe5 42. Be2 Ke6 43. Kf4 Kf6 44. Ke4 Ke6 45. Kf4 $11 g5+
46. hxg6 fxg6 47. a4 Nf7 48. Ke4 Nd6+ 49. Kf4 g5+ 50. Ke3 Ke5 51. Bd3 Ne8 52.
Be2 Nf6 53. Bf3 h5 54. gxh5 g4 55. Be2 Kf5 56. h6 Kg6 57. Kf4 Kxh6 58. Bxg4
Nxg4 59. Kxg4 Kg6 60. Kf4 Kf6 61. Ke4 Ke6 1/2-1/2

[Event "SV Horst-Emscher 2 - SK Germania Kupfer"]
[Site "Verbandsklasse, Gruppe 2 2017"]
[Date "2018.03.18"]
[Round "8.5"]
[White "Zagrabski, Kevin"]
[Black "Hiebsch, Catalina"]
[Result "0-1"]
[WhiteElo "1883"]
[BlackElo "1798"]
[PlyCount "78"]
[EventDate "2018.??.??"]

1. d4 d5 2. Nf3 Nf6 3. Bf4 e6 4. e3 c5 5. c3 Be7 6. Nbd2 O-O 7. Bd3 Nc6 8. Ne5
h6 9. Qf3 Nxe5 10. Bxe5 Nd7 11. Bf4 cxd4 12. exd4 Bg5 13. g3 a6 14. h4 Bxf4 15.
gxf4 f5 16. Qg3 Nf6 17. Nf3 Bd7 18. Ne5 Be8 19. O-O-O Nh5 20. Qh2 b5 21. Kb1
Nf6 22. Rhg1 Qc7 23. Rg2 Ng4 24. Qg3 Nxe5 25. fxe5 Bh5 26. Rdg1 Rf7 27. Qe3 Kh8
28. Bc2 Qe7 29. Qh3 b4 30. Rc1 bxc3 31. Qxc3 Rb8 32. Bd3 Qxh4 33. Bxa6 Qe4+ 34.
Ka1 Qxg2 35. Qc6 Qxf2 36. Rb1 Qxd4 37. Qxe6 Ra7 38. Qxf5 Rxa6 39. Qxh5 Rxa2+
0-1

[Event "SV Horst-Emscher 2 - SK Germania Kupfer"]
[Site "Verbandsklasse, Gruppe 2 2017"]
[Date "2018.03.18"]
[Round "8.6"]
[White "Verfuerth, Christian"]
[Black "Wuthcke, Dieter"]
[Result "1/2-1/2"]
[WhiteElo "1877"]
[BlackElo "1820"]
[PlyCount "93"]
[EventDate "2018.??.??"]

1. d4 Nf6 2. Nf3 d6 3. Nc3 g6 4. e4 Nbd7 5. Be3 Bg7 6. Qd2 c5 7. O-O-O cxd4 8.
Nxd4 Ng4 9. Bg5 Qa5 10. Kb1 Nxf2 11. Qxf2 Qxg5 12. h4 Qc5 13. Qd2 Qxd4 14. Qxd4
Bxd4 15. Rxd4 Nb6 16. Bb5+ Bd7 17. Bxd7+ Nxd7 18. Nd5 Rc8 19. h5 Ne5 20. hxg6
fxg6 21. Rb4 b6 22. Ra4 Nc6 23. e5 dxe5 24. Rah4 Rd8 25. Nc3 h5 26. g4 Rd4 27.
Ne2 Re4 28. Nc3 Rf4 29. Ne2 Rf2 30. Nc1 Kd7 31. gxh5 Rxh5 32. Rxh5 gxh5 33.
Rxh5 Ke6 34. Rh6+ Kd5 35. c4+ Kxc4 36. Rxc6+ Kd5 37. Rc7 e4 38. Rxe7 a5 39.
Rd7+ Kc4 40. Rd1 a4 41. Re1 Kd4 42. Re2 Rf1 43. Kc2 b5 44. a3 Rf3 45. Na2 Rf5
46. Nc3 Re5 47. Rd2+ 1/2-1/2

[Event "SV Horst-Emscher 2 - SK Germania Kupfer"]
[Site "Verbandsklasse, Gruppe 2 2017"]
[Date "2018.03.18"]
[Round "8.7"]
[White "Degner, Friedhelm"]
[Black "Schreiner, Paulo"]
[Result "1-0"]
[WhiteElo "1770"]
[BlackElo "1781"]
[PlyCount "63"]
[EventDate "2018.??.??"]

1. e4 e6 2. d4 d5 3. exd5 exd5 4. Bf4 Nf6 5. Bd3 Bg4 6. f3 Be6 7. Ne2 Bd6 8.
O-O Nc6 9. c3 Ne7 10. Nd2 Ng6 11. Bxd6 Qxd6 12. Ng3 O-O-O 13. Nf5 Qd7 14. Ng3
Nf4 15. Nb3 b6 16. Ba6+ Kb8 17. Nc5 Qc6 18. Qb3 Bc8 19. a4 Ne6 20. Nxe6 fxe6
21. Bb5 Qb7 22. Rfe1 Rhe8 23. Bxe8 Rxe8 24. Re3 Bd7 25. a5 b5 26. Qc2 Kc8 27.
Rae1 Qc6 28. b4 Kd8 29. Nf1 Re7 30. Nd2 Be8 31. Nb3 Bg6 32. Qe2 1-0

[Event "SV Horst-Emscher 2 - SK Germania Kupfer"]
[Site "Verbandsklasse, Gruppe 2 2017"]
[Date "2018.03.18"]
[Round "8.8"]
[White "Rebentisch, Sebastian"]
[Black "Klitscher, Roland"]
[Result "1/2-1/2"]
[WhiteElo "1806"]
[BlackElo "1636"]
[PlyCount "36"]
[EventDate "2018.??.??"]

1. e4 e6 2. d4 d5 3. exd5 exd5 4. Bd3 Bd6 5. Ne2 Nf6 6. O-O O-O 7. Bf4 Nc6 8.
c3 Ne7 9. Bxd6 Qxd6 10. Ng3 Ng6 11. Nd2 Bd7 12. Nf3 Rfe8 13. Qc2 c6 14. Rfe1
Kf8 15. h3 Qc7 16. c4 Rxe1+ 17. Rxe1 Re8 18. Rxe8+ Kxe8 1/2-1/2

[Event "SC Rochade Rüttenscheid 1 - SV Bochum-L"]
[Site "Verbandsklasse, Gruppe 3 2017"]
[Date "2018.03.18"]
[Round "8.3"]
[White "Schreck, Roland"]
[Black "Dorgarten, Armin"]
[Result "1-0"]
[WhiteElo "2111"]
[BlackElo "1905"]
[Annotator "Daniel"]
[PlyCount "213"]
[EventDate "2018.??.??"]

1. d4 d5 2. g3 Nf6 3. Bg2 e6 4. Nf3 Be7 5. O-O O-O 6. c4 c6 7. Nc3 dxc4 8. Ne5
c5 9. dxc5 Bxc5 10. Nxc4 Nc6 11. Bg5 h6 12. Bxf6 Qxf6 13. Ne4 Qe7 14. Nxc5 Qxc5
15. Rc1 Rd8 16. Qb3 Nd4 17. Qe3 f6 18. Rfe1 Rb8 19. Qc3 e5 20. b4 Qe7 21. e3
Nb5 22. Qb2 b6 23. a4 Nd6 24. Nxd6 Rxd6 25. b5 Bf5 26. Qb3+ Kh8 27. Qb4 Rbd8
28. g4 Bd3 29. Rc6 Bg6 30. h3 R6d7 31. Qxe7 Rxe7 32. Rec1 Red7 33. Bf3 Kh7 34.
Rc8 Rxc8 35. Rxc8 Bd3 $11 36. Bc6 Re7 37. Bd5 g5 38. e4 Be2 39. Rc1 h5 40. gxh5
Bxh5 41. Kg2 Kg7 42. Kg3 Kh7 43. f3 Be8 44. Rc8 Kg7 45. Rd8 Bh5 46. Rd6 Be8 47.
Be6 Kf8 48. Bd5 Kg7 49. h4 gxh4+ 50. Kxh4 Bd7 51. Kg3 Kg6 52. f4 exf4+ 53. Kxf4
Kg7 54. Bc4 Be8 55. Bd3 Bf7 56. a5 bxa5 57. Ra6 Bg6 58. Rxa5 Bf7 59. Ra6 Bg6
60. Rd6 Bf7 61. Rd8 Bg6 62. Rc8 Bh7 63. Rc4 Bg8 64. Rd4 Bf7 65. Be2 Bg6 66. Bc4
Be8 67. Rd8 Re5 68. Rb8 Re7 69. Bd5 Bf7 70. Bc6 Bg6 71. Rd8 Bf7 72. Rd2 Be6 73.
Rg2+ Kf7 74. Ke3 Rc7 75. Rh2 Kg7 76. Rc2 Re7 77. Rg2+ Kf7 78. Kd4 Bc8 79. Kc5
f5 80. Rf2 Kf6 81. Kd6 Re5 82. Kc7 Be6 83. exf5 Bc4 84. Rb2 Kxf5 85. Kb7 Bxb5
86. Bxb5 a5 87. Ka6 Rc5 88. Kxa5 Kf4 89. Kb4 Re5 90. Kc3 Re3+ 91. Bd3 Ke5 92.
Rb5+ Kd6 93. Kd4 Re1 94. Rb6+ Kc7 95. Rf6 Rd1 96. Kc4 Kd7 97. Rh6 Rc1+ 98. Kb5
Ke7 99. Bc4 Rc2 100. Kc5 Rc1 101. Re6+ Kd7 102. Re2 Rd1 103. Bb5+ Kc7 104. Re7+
Kc8 105. Kb6 Rd6+ 106. Bc6 Rd8 107. Ra7 1-0

[Event "SC Rochade Rüttenscheid 1 - SV Bochum-L"]
[Site "Verbandsklasse, Gruppe 3 2017"]
[Date "2018.03.18"]
[Round "8.4"]
[White "Koprek, Juergen"]
[Black "Schaper, Steffen"]
[Result "0-1"]
[WhiteElo "1844"]
[BlackElo "1972"]
[PlyCount "150"]
[EventDate "2018.??.??"]

1. d4 d5 2. c4 e6 3. Nc3 Be7 4. Nf3 Nf6 5. Bg5 Nbd7 6. e3 h6 7. Bh4 O-O 8. Rc1
c6 9. Be2 b6 10. O-O Bb7 11. cxd5 exd5 12. Qa4 Ne4 13. Bxe7 Qxe7 14. Nxd5 cxd5
15. Rc7 Bc8 16. Ne5 Qd8 17. Rxc8 Rxc8 18. Nxd7 Re8 19. Ne5 Qc7 20. Qb5 Nf6 21.
Bf3 Red8 22. g4 Qc2 23. h4 g5 24. Qb4 Kg7 25. Qe7 Qc7 26. Qa3 a5 27. Kg2 Qd6
28. Qd3 Qe6 29. Rh1 Rh8 30. Kg3 Nd7 31. Nxd7 Qxd7 32. Qb3 Qd6+ 33. Kg2 Rc4 34.
a3 a4 35. Qd3 Qe6 36. b3 axb3 37. Qxb3 h5 38. Qd1 hxg4 39. Bxg4 Qe4+ 40. Bf3
Qf5 41. Bg4 Qe4+ 42. Bf3 Qe6 43. h5 Kh6 44. Qb3 Rhc8 45. Qb5 Rd8 46. Be2 Rc2
47. Re1 g4 48. Bd3 Rd2 49. Rc1 Rd6 50. Re1 Qd7 51. Qxd7 Rxd7 52. Bf5 Ra7 53.
Bxg4 Rb2 54. Bf3 Rxa3 55. Bxd5 f6 56. Kf3 Ra5 57. Bf7 Rf5+ 58. Ke4 Rfxf2 59.
Bg6 b5 60. Kd5 b4 61. Kc4 f5 62. d5 Kg5 63. Rc1 Rfe2 64. Rg1+ Kf6 65. Rf1 Rf2
66. Rxf2 Rxf2 67. Kxb4 Re2 68. Kc5 Rxe3 69. Kc6 Rc3+ 70. Kd7 f4 71. Be4 Ke5 72.
Bg2 f3 73. Bf1 Kxd5 74. h6 Rc2 75. h7 Rh2 0-1

[Event "SC Rochade Rüttenscheid 1 - SV Bochum-L"]
[Site "Verbandsklasse, Gruppe 3 2017"]
[Date "2018.03.18"]
[Round "8.5"]
[White "Schmidt, Ralph"]
[Black "Storp, Thomas"]
[Result "1-0"]
[WhiteElo "1867"]
[BlackElo "1809"]
[PlyCount "91"]
[EventDate "2018.??.??"]

1. e4 e5 2. Nf3 Nc6 3. Bc4 Be7 4. c3 Nf6 5. d3 O-O 6. O-O d5 7. exd5 Nxd5 8.
Re1 Bf6 9. Nbd2 Nb6 10. Bb5 Bd7 11. Ne4 Nb8 12. Nxf6+ Qxf6 13. Rxe5 Bg4 14. d4
Bxf3 15. Qxf3 Qxf3 16. gxf3 c6 17. Bf1 N8d7 18. Re1 Rfe8 19. Bf4 f6 20. Bh3 Nf8
21. Re4 Kf7 22. Rae1 Nd5 23. Bd6 Rad8 24. Rxe8 Rxe8 25. Rxe8 Kxe8 26. Bc8 b6
27. Bb7 Ne7 28. Bxe7 Kxe7 29. Bxc6 Kd6 30. Be4 g6 31. Kf1 Ne6 32. Ke2 Nf4+ 33.
Ke3 Ng2+ 34. Kd2 Nf4 35. c4 h5 36. b4 f5 37. c5+ bxc5 38. bxc5+ Kc7 39. Ba8 g5
40. Ke3 Nh3 41. d5 f4+ 42. Ke2 Kb8 43. d6 g4 44. Be4 Ng5 45. c6 Nf7 46. c7+ 1-0

[Event "SC Rochade Rüttenscheid 1 - SV Bochum-L"]
[Site "Verbandsklasse, Gruppe 3 2017"]
[Date "2018.03.18"]
[Round "8.6"]
[White "Bruckmann, Jochen"]
[Black "Lindner-Emden, Carsten"]
[Result "1/2-1/2"]
[WhiteElo "1789"]
[BlackElo "1949"]
[PlyCount "42"]
[EventDate "2018.??.??"]

1. e4 c5 2. d4 cxd4 3. c3 d3 4. Bxd3 Nc6 5. f4 d6 6. Nf3 a6 7. O-O e6 8. Be3
Nf6 9. Kh1 Be7 10. Nbd2 Qc7 11. Nc4 Nd7 12. Nd4 b5 13. Nd2 Bb7 14. Qg4 Bf6 15.
Rac1 Rc8 16. N2f3 Na5 17. b3 Nc5 18. Bb1 e5 19. fxe5 dxe5 20. Nf5 g6 21. Nh6
Ne6 1/2-1/2

[Event "SC Rochade Rüttenscheid 1 - SV Bochum-L"]
[Site "Verbandsklasse, Gruppe 3 2017"]
[Date "2018.03.18"]
[Round "8.7"]
[White "Marx, Henning"]
[Black "Furchtbar, Uwe"]
[Result "1-0"]
[WhiteElo "1955"]
[BlackElo "1788"]
[PlyCount "43"]
[EventDate "2018.??.??"]

1. d4 Nf6 2. Nf3 e6 3. Bg5 Be7 4. e3 d5 5. Bd3 h6 6. Bh4 O-O 7. Nbd2 c5 8. c3
Nc6 9. O-O Nh5 10. Bxe7 Qxe7 11. Ne5 Nxe5 12. dxe5 g6 13. f4 Ng7 14. Rf3 b5 15.
Rh3 h5 16. g4 hxg4 17. Qxg4 Bb7 18. Nf3 d4 19. Ng5 Nh5 20. Rxh5 f5 21. exf6
Qxf6 22. Rh6 1-0

[Event "SC Rochade Rüttenscheid 1 - SV Bochum-L"]
[Site "Verbandsklasse, Gruppe 3 2017"]
[Date "2018.03.18"]
[Round "8.8"]
[White "Goedicke, Oliver"]
[Black "Pappert, Thomas"]
[Result "0-1"]
[WhiteElo "1652"]
[BlackElo "1750"]
[Annotator "Daniel"]
[PlyCount "92"]
[EventDate "2018.??.??"]

1. d4 d5 2. Bg5 g6 3. Nc3 Bg7 4. Nf3 Nf6 5. e3 O-O 6. Bd3 Nc6 7. a3 b6 8. O-O
Bb7 9. Qe2 Re8 10. Rac1 e5 11. dxe5 Nxe5 12. Nxe5 Rxe5 13. Bf4 Re8 14. Nb5 Re7
15. c4 Nh5 16. Bg5 Nf6 17. Rfd1 a6 18. Nd4 c5 19. Nf3 d4 20. Qf1 Bxf3 21. gxf3
h6 22. Bxf6 Bxf6 23. Qh3 Kg7 24. Be4 Raa7 25. Kh1 Rad7 26. Rc2 Re5 27. Rcd2
Rde7 28. exd4 Rh5 29. dxc5 Qb8 30. Qg2 bxc5 31. f4 Qxf4 32. f3 $11 Rg5 33. Qf2
Bd4 34. Rxd4 cxd4 35. Qxd4+ Ree5 36. b4 Rh5 37. Qd2 Qf6 38. Qd6 Qf4 39. Qd2
Rxe4 40. fxe4 Qxe4+ 41. Qg2 Qxc4 42. Qb2+ Kh7 43. Rg1 Rf5 44. Qc1 Qe4+ 45. Rg2
Rf2 46. Qg1 Re2 0-1

[Event "Hervest-Dorstener SK 1 - SG Mengede 1"]
[Site "Verbandsklasse, Gruppe 3 2017"]
[Date "2018.03.18"]
[Round "8.1"]
[White "Borgschulze, Maik"]
[Black "Doering, Carsten"]
[Result "1/2-1/2"]
[WhiteElo "2144"]
[BlackElo "1961"]
[PlyCount "77"]
[EventDate "2018.??.??"]

1. Nf3 c5 2. c4 Nc6 3. Nc3 g6 4. g3 Bg7 5. Bg2 Nf6 6. O-O O-O 7. d4 d6 8. dxc5
dxc5 9. Be3 Be6 10. Qa4 Qb6 11. Qb5 Nd7 12. Rad1 a6 13. Qb3 Nd4 14. Nxd4 cxd4
15. Qxb6 Nxb6 16. Bxd4 Nxc4 17. Bxb7 Bxd4 18. Rxd4 Ra7 19. Bd5 Nxb2 20. Rb4 Rc8
21. Bxe6 fxe6 22. Ne4 Nc4 23. Rc1 Rac7 24. Ng5 Rc6 25. Rb7 h6 26. Nf3 Kf7 27.
Ra7 Kf6 28. Nd4 Rd6 29. e3 e5 30. Nb3 Rdc6 31. h4 Nd6 32. Rxc6 Rxc6 33. Kg2 Nb5
34. Ra8 Nc3 35. Na5 Rb6 36. Nc4 Rc6 37. Na5 Rb6 38. Nc4 Rc6 39. Na5 1/2-1/2

[Event "Hervest-Dorstener SK 1 - SG Mengede 1"]
[Site "Verbandsklasse, Gruppe 3 2017"]
[Date "2018.03.18"]
[Round "8.2"]
[White "Hermanowski, Mark"]
[Black "Pauling, Markus"]
[Result "0-1"]
[WhiteElo "1840"]
[BlackElo "2141"]
[PlyCount "130"]
[EventDate "2018.??.??"]

1. e4 c6 2. f4 d5 3. Nf3 Bg4 4. h3 Bxf3 5. Qxf3 dxe4 6. Qxe4 Nf6 7. Qf3 e6 8.
c3 Qb6 9. Na3 Nbd7 10. Nc4 Qc7 11. Bd3 Bc5 12. Bc2 b5 13. Ne3 Bxe3 14. dxe3 O-O
15. O-O Rad8 16. e4 Rfe8 17. e5 Nd5 18. b3 g6 19. Re1 c5 20. Be4 N7b6 21. a3 c4
22. b4 Na4 23. Bxd5 Rxd5 24. f5 Rd3 25. Re3 Rxe3 26. Bxe3 exf5 27. Bd4 Nb6 28.
Re1 Re6 29. h4 h5 30. Qe3 Nd7 31. Qf4 f6 32. Qh6 fxe5 33. Be3 Qd6 34. Bf2 f4
35. Qg5 Qe7 36. Qh6 Qg7 37. Qxg7+ Kxg7 38. Rd1 Nb6 39. Rd8 Na4 40. Be1 a6 41.
Kf2 Nb2 42. Bd2 Nd3+ 43. Ke2 e4 44. Rd4 Kf6 45. Rd5 e3 46. Be1 Ne5 47. a4 bxa4
48. Ra5 Kf5 49. Rxa4 Ke4 50. Ra1 Rd6 51. Ra3 Rc6 52. Ra1 Rb6 53. Ra5 Rf6 54.
Rc5 f3+ 55. gxf3+ Kf4 56. Bg3+ Kxg3 57. Rxe5 Kxh4 58. Kxe3 g5 59. Re4+ Kg3 60.
Rxc4 Rxf3+ 61. Ke2 h4 62. Rc5 g4 63. c4 h3 64. b5 axb5 65. cxb5 h2 0-1

[Event "Hervest-Dorstener SK 1 - SG Mengede 1"]
[Site "Verbandsklasse, Gruppe 3 2017"]
[Date "2018.03.18"]
[Round "8.3"]
[White "Delvos, Thorsten"]
[Black "Tig, Achmet"]
[Result "1/2-1/2"]
[WhiteElo "1990"]
[BlackElo "1916"]
[PlyCount "39"]
[EventDate "2018.??.??"]

1. c4 g6 2. g3 Bg7 3. Bg2 c5 4. Nc3 Nc6 5. d3 d6 6. e4 Rb8 7. Nge2 e6 8. O-O
Nge7 9. Be3 Nd4 10. Rb1 a6 11. b4 Nxe2+ 12. Nxe2 cxb4 13. Rxb4 b5 14. cxb5 Rxb5
15. Rxb5 axb5 16. Qb3 Bd7 17. Nc3 Qa5 18. Bd2 O-O 19. Rb1 Rb8 20. h3 1/2-1/2

[Event "Hervest-Dorstener SK 1 - SG Mengede 1"]
[Site "Verbandsklasse, Gruppe 3 2017"]
[Date "2018.03.18"]
[Round "8.4"]
[White "Nowok, Frank"]
[Black "Weinert, Christian"]
[Result "0-1"]
[WhiteElo "1865"]
[BlackElo "1979"]
[PlyCount "86"]
[EventDate "2018.??.??"]

1. c4 Nf6 2. g3 e6 3. Bg2 d5 4. Nf3 d4 5. Qa4+ Bd7 6. Qb3 Bc6 7. O-O b6 8. d3
Bc5 9. Bf4 O-O 10. Qc2 Re8 11. a3 a5 12. b3 Nh5 13. Bg5 f6 14. Bc1 e5 15. Bb2
f5 16. Qd2 Qe7 17. Bh3 g6 18. Nh4 Nf4 19. Bg2 Nxg2 20. Nxg2 g5 21. e3 Na6 22.
Re1 Qf6 23. exd4 exd4 24. Qd1 Qh6 25. Nd2 Qh3 26. Nf3 Rxe1+ 27. Ngxe1 Re8 28.
Qd2 f4 29. Rd1 Qg4 30. Nxd4 fxg3 31. hxg3 Bxd4 32. Bxd4 Qxd4 33. Qxg5+ Kh8 34.
Nc2 Qe5 35. Qh6 Qe6 36. Qh5 Qg6 37. Qh4 Bb7 38. Ne3 Nc5 39. b4 Ne6 40. Nf1 Ng5
41. Nh2 Qf5 42. Kf1 Nf3 43. Qh6 Re6 0-1

[Event "Hervest-Dorstener SK 1 - SG Mengede 1"]
[Site "Verbandsklasse, Gruppe 3 2017"]
[Date "2018.03.18"]
[Round "8.5"]
[White "Bork, Sophie"]
[Black "Hater, Norbert"]
[Result "1/2-1/2"]
[WhiteElo "1902"]
[BlackElo "1879"]
[PlyCount "42"]
[EventDate "2018.??.??"]

1. e4 d5 2. exd5 Qxd5 3. Nf3 Nf6 4. d4 Bf5 5. Nc3 Qd6 6. Bc4 e6 7. h3 Be7 8.
Be3 c6 9. Nh4 Bg6 10. Nxg6 hxg6 11. Qd2 Nbd7 12. Bb3 Qc7 13. a3 Bd6 14. Qd3 Nd5
15. Bxd5 exd5 16. O-O-O O-O-O 17. Rde1 Rde8 18. Bd2 Nf6 19. Qf3 Qd7 20. Bf4
Bxf4+ 21. Qxf4 Qc7 1/2-1/2

[Event "Hervest-Dorstener SK 1 - SG Mengede 1"]
[Site "Verbandsklasse, Gruppe 3 2017"]
[Date "2018.03.18"]
[Round "8.6"]
[White "Vengels, Joachim"]
[Black "Malstaedt, Frank"]
[Result "1-0"]
[WhiteElo "1978"]
[BlackElo "1776"]
[Annotator "Daniel"]
[PlyCount "69"]
[EventDate "2018.??.??"]

1. c4 g6 2. Nc3 Bg7 3. Nf3 c5 4. e3 d6 5. d4 Nd7 6. Be2 b6 7. O-O Bb7 8. b3 e6
9. Bb2 Ne7 10. Nb5 Qb8 11. Qc2 cxd4 12. Rfd1 a6 13. Na3 O-O 14. Bxd4 d5 15.
Bxg7 Kxg7 16. Qb2+ Kg8 17. Rac1 Rd8 $11 18. b4 Bc6 19. cxd5 Bxd5 20. Nc4 b5 21.
Nce5 Nxe5 22. Nxe5 f5 23. Nd3 Kf7 24. Bf3 Bxf3 25. Ne5+ Kg8 26. gxf3 Qb6 27.
Nd7 Qb7 28. Qf6 Re8 29. Qxe6+ Kg7 30. Ne5 Rad8 31. Qf7+ Kh6 32. Rxd8 Rxd8 33.
Qf6 Kh5 34. Nf7 Qxf3 35. Qg5# 1-0

[Event "Hervest-Dorstener SK 1 - SG Mengede 1"]
[Site "Verbandsklasse, Gruppe 3 2017"]
[Date "2018.03.18"]
[Round "8.7"]
[White "Ewers, Christian"]
[Black "Heiming, Thomas"]
[Result "0-1"]
[WhiteElo "1764"]
[BlackElo "1813"]
[PlyCount "52"]
[EventDate "2018.??.??"]

1. e4 c5 2. Nf3 Nc6 3. Nc3 e6 4. d3 d5 5. Qe2 d4 6. Nd1 e5 7. h3 Nf6 8. g3 h6
9. Bg2 Be6 10. O-O Be7 11. Ne1 O-O 12. f4 Rc8 13. f5 Bd7 14. Nf2 b5 15. Ng4
Nxg4 16. Qxg4 Kh7 17. Qh5 Be8 18. h4 c4 19. f6 Bxf6 20. Bh3 Rc7 21. Bf5+ g6 22.
Qxh6+ Kg8 23. Bxg6 fxg6 24. Nf3 Rh7 25. Qxf8+ Kxf8 26. Ng5 Kg8 0-1

[Event "Hervest-Dorstener SK 1 - SG Mengede 1"]
[Site "Verbandsklasse, Gruppe 3 2017"]
[Date "2018.03.18"]
[Round "8.8"]
[White "Kudsin, Alexander"]
[Black "Wiktor, Reinhard"]
[Result "1/2-1/2"]
[WhiteElo "1812"]
[BlackElo "1702"]
[Annotator "Daniel"]
[PlyCount "114"]
[EventDate "2018.??.??"]

1. d4 Nf6 2. c4 g6 3. Nc3 Bg7 4. Nf3 d6 5. g3 O-O 6. Bg2 c6 7. O-O Bf5 8. Re1
Ne4 9. Nh4 Nxc3 10. bxc3 Bd7 11. Rb1 Qc7 12. Qb3 Bc8 13. e4 Nd7 14. Bh3 Rb8 15.
Kg2 Qa5 16. f4 c5 17. Bxd7 Bxd7 18. e5 cxd4 19. Qb4 Qxb4 20. cxb4 Rfc8 21. c5
dxc5 22. bxc5 Rxc5 23. Kf2 Bg4 24. Nf3 d3 25. Nd2 Bf8 26. Ke3 Rc2 27. a4 Be2
28. Ba3 b6 29. Ra1 Rd8 30. Reb1 Bg4 31. Bb4 Bf5 32. a5 b5 33. a6 Rd5 34. Rb3 h5
35. Rab1 Kg7 36. Rc3 Ra2 37. Bc5 Rxa6 38. Rxb5 Rd8 39. Rb7 Re6 40. Bxa7 f6 41.
Bd4 Kf7 42. Rc4 Bh6 43. Rb5 Bg7 44. Bc3 fxe5 45. Bxe5 Bxe5 46. fxe5 Ra8 47. Nf3
Rea6 48. Rb2 Ke8 49. Nd4 Bh3 50. Rcb4 Ra3 51. e6 Rd8 52. Rb8 Ra8 53. Rxa8 Rxa8
54. Kxd3 Rd8 55. Ke4 Kf8 56. Rf2+ Kg8 57. Rb2 Kg7 {Rest nicht nachvollziehbar!}
1/2-1/2

[Event "SG Winz-Baak 1 - SC Lünen Horstmar 1"]
[Site "Verbandsklasse, Gruppe 3 2017"]
[Date "2018.03.18"]
[Round "8.1"]
[White "Bauch, Olaf"]
[Black "Schwake, Peter"]
[Result "1/2-1/2"]
[WhiteElo "1900"]
[BlackElo "1883"]
[PlyCount "84"]
[EventDate "2018.??.??"]

1. e4 c5 2. Nf3 Nc6 3. d4 cxd4 4. Nxd4 a6 5. c4 d6 6. Nc3 Nf6 7. Be2 e6 8. O-O
Be7 9. Be3 O-O 10. Rc1 Bd7 11. Qd2 Rc8 12. h3 Nxd4 13. Bxd4 Bc6 14. Qe3 Nd7 15.
Qg3 e5 16. Be3 Nc5 17. Bxc5 dxc5 18. Qxe5 Bf6 19. Qf5 g6 20. Qf3 Bd4 21. Nd5
Bxb2 22. Rcd1 Bd4 23. Qg3 Re8 24. Bd3 Kg7 25. Kh1 b5 26. Rfe1 Qa5 27. Re2 Qa4
28. Rc1 bxc4 29. Bxc4 Qa5 30. e5 Bb5 31. Nf6 Rh8 32. Qg5 Bxc4 33. Rxc4 Qd8 34.
Nh5+ Kg8 35. Qg3 Kf8 36. Nf6 Kg7 37. f4 h5 38. Rec2 Qe7 39. Qa3 Qe6 40. Ne4 Qb6
41. Nxc5 Bxc5 42. Rxc5 Rxc5 1/2-1/2

[Event "SG Winz-Baak 1 - SC Lünen Horstmar 1"]
[Site "Verbandsklasse, Gruppe 3 2017"]
[Date "2018.03.18"]
[Round "8.2"]
[White "Boetzel, Martin"]
[Black "Seref, Serkan"]
[Result "1-0"]
[WhiteElo "1758"]
[BlackElo "1801"]
[PlyCount "151"]
[EventDate "2018.??.??"]

1. d4 Nf6 2. Nf3 b6 3. Bf4 Bb7 4. e3 e6 5. Be2 g6 6. h3 Bg7 7. O-O O-O 8. Nbd2
d6 9. c3 Nbd7 10. Qb3 Qe7 11. Nc4 a5 12. a4 Ba6 13. Rfe1 Rab8 14. Qa3 Ne4 15.
Nxa5 Bb7 16. Nxb7 Rxb7 17. Bb5 Ra7 18. Bc6 f5 19. Qb4 Ra5 20. Bb5 h6 21. Bh2
Rf7 22. Rad1 g5 23. Nd2 Nxd2 24. Rxd2 Nf6 25. f3 g4 26. hxg4 fxg4 27. Qc4 gxf3
28. gxf3 Nh5 29. Qf1 Ra8 30. Qh3 Nf6 31. Rg2 Kh8 32. Kh1 Raf8 33. Bf4 Nh7 34.
Reg1 Qf6 35. Bd3 e5 36. Rg6 Qe7 37. Bxh6 Bxh6 38. Rxh6 exd4 39. exd4 Qd7 40.
Rxh7+ Rxh7 41. Qxh7+ Qxh7+ 42. Bxh7 Kxh7 43. Kg2 Ra8 44. b3 c5 45. dxc5 dxc5
46. Ra1 Rd8 47. Ra2 Rd3 48. Rc2 Kg6 49. Kf2 Rd1 50. Rb2 Rc1 51. c4 Kf5 52. Ke2
Rc3 53. Kd2 Rxf3 54. b4 Ra3 55. bxc5 bxc5 56. Rb5 Rxa4 57. Rxc5+ Ke4 58. Kc3
Ra1 59. Rd5 Rb1 60. Rd8 Rc1+ 61. Kb4 Rb1+ 62. Kc5 Rc1 63. Kb5 Rb1+ 64. Kc6 Ke5
65. c5 Ke6 66. Kc7 Ke7 67. c6 Rc1 68. Rd2 Rb1 69. Kc8 Rc1 70. c7 Rb1 71. Rd7+
Ke8 72. Rd6 Rb2 73. Ra6 Rb3 74. Ra7 Rb4 75. Rb7 Rc4 76. Kb8 1-0

[Event "SG Winz-Baak 1 - SC Lünen Horstmar 1"]
[Site "Verbandsklasse, Gruppe 3 2017"]
[Date "2018.03.18"]
[Round "8.3"]
[White "Titschert, Julian"]
[Black "Kraus, Torsten"]
[Result "1-0"]
[WhiteElo "1812"]
[BlackElo "1756"]
[PlyCount "55"]
[EventDate "2018.??.??"]

1. d4 Nf6 2. c4 g6 3. Nc3 d5 4. cxd5 Nxd5 5. e4 Nxc3 6. bxc3 c5 7. Bc4 Bg7 8.
Ne2 O-O 9. O-O Nc6 10. Be3 Bg4 11. f3 Na5 12. Bxf7+ Rxf7 13. fxg4 Rxf1+ 14.
Kxf1 Qd7 15. h3 Rf8+ 16. Kg1 e6 17. e5 Nc4 18. Bg5 b5 19. Qc2 Qf7 20. Ng3 Qd7
21. Qe4 Rd8 22. Bxd8 Qxd8 23. Ne2 Bh6 24. Qc6 Qe7 25. Rf1 Bg5 26. Nf4 Ne3 27.
Qc8+ Kg7 28. Nxe6+ 1-0

[Event "SG Winz-Baak 1 - SC Lünen Horstmar 1"]
[Site "Verbandsklasse, Gruppe 3 2017"]
[Date "2018.03.18"]
[Round "8.4"]
[White "Groß, Michael"]
[Black "Atasoy, Tarik"]
[Result "1/2-1/2"]
[WhiteElo "1698"]
[BlackElo "1718"]
[PlyCount "39"]
[EventDate "2018.??.??"]

1. e4 c5 2. d4 cxd4 3. c3 d3 4. Bxd3 Nc6 5. Nf3 d6 6. O-O Nf6 7. Qe2 Bg4 8. h3
Bh5 9. Bf4 e6 10. Rd1 Qc7 11. Na3 a6 12. Nc2 Be7 13. Ncd4 O-O 14. Nxc6 Qxc6 15.
Rd2 d5 16. exd5 Nxd5 17. Bh2 Bg5 18. Rdd1 Bf4 19. g3 Bd6 20. Be4 1/2-1/2

[Event "SG Winz-Baak 1 - SC Lünen Horstmar 1"]
[Site "Verbandsklasse, Gruppe 3 2017"]
[Date "2018.03.18"]
[Round "8.5"]
[White "Akcapinar, Yavuz"]
[Black "Wesener, Rainer"]
[Result "1-0"]
[WhiteElo "1749"]
[BlackElo "1686"]
[PlyCount "61"]
[EventDate "2018.??.??"]

1. e4 d6 2. Bc4 Nf6 3. d3 e5 4. Bb3 Be7 5. c3 Nbd7 6. h3 c6 7. Nf3 h6 8. O-O
Nf8 9. Nbd2 g5 10. Nh2 Ng6 11. Re1 Nf4 12. Ndf1 Rg8 13. d4 Qc7 14. Bc2 g4 15.
h4 Nh3+ 16. gxh3 gxh3+ 17. Kh1 Rg2 18. Ne3 Rg6 19. Rg1 Bd7 20. Qf3 O-O-O 21.
Nf5 Rxg1+ 22. Kxg1 Rg8+ 23. Kh1 Bd8 24. Nxh6 Rg7 25. Bg5 Nh7 26. Bxd8 Qxd8 27.
Nf5 Rg6 28. Rg1 Qf6 29. Ng4 Qe6 30. dxe5 dxe5 31. Bb3 1-0

[Event "SG Winz-Baak 1 - SC Lünen Horstmar 1"]
[Site "Verbandsklasse, Gruppe 3 2017"]
[Date "2018.03.18"]
[Round "8.6"]
[White "Franke, Wolfgang"]
[Black "Hagedorn, Dirk"]
[Result "1-0"]
[WhiteElo "1784"]
[BlackElo "1764"]
[PlyCount "53"]
[EventDate "2018.??.??"]

1. d4 Nf6 2. Nc3 d5 3. Bg5 c6 4. f3 Bf5 5. e3 h6 6. Bf4 e6 7. g4 Bh7 8. h4 g5
9. hxg5 hxg5 10. Bxb8 Qxb8 11. Rh3 Bg7 12. Qd2 Bg6 13. O-O-O Qd6 14. Rxh8+ Bxh8
15. Nh3 Nh7 16. Bd3 f5 17. Na4 Bf6 18. Qa5 Bd8 19. Qe1 Bb6 20. f4 gxf4 21. Nxf4
Kf7 22. Qf2 Rf8 23. Rh1 Ng5 24. Nxb6 axb6 25. Rh6 Rg8 26. gxf5 exf5 27. Bxf5
1-0